The greatest : (Record no. 2418)
[ view plain ]
| 000 -LEADER | |
|---|---|
| fixed length control field | 01096cam a22003254a 4500 |
| 001 - CONTROL NUMBER | |
| control field | 2418 |
| 003 - CONTROL NUMBER IDENTIFIER | |
| control field | FISKH |
| 005 - DATE AND TIME OF LATEST TRANSACTION | |
| control field | 20260202101411.0 |
| 008 - FIXED-LENGTH DATA ELEMENTS--GENERAL INFORMATION | |
| fixed length control field | 000309s2001 nyua b 001 0beng |
| 010 ## - LIBRARY OF CONGRESS CONTROL NUMBER | |
| LC control number | 00130210 |
| 020 ## - INTERNATIONAL STANDARD BOOK NUMBER | |
| International Standard Book Number | 0590543423 |
| 020 ## - INTERNATIONAL STANDARD BOOK NUMBER | |
| International Standard Book Number | 9780590543439 |
| 040 ## - CATALOGING SOURCE | |
| Original cataloging agency | DLC |
| Transcribing agency | DLC |
| Modifying agency | DLC |
| Language of cataloging | eng |
| 042 ## - AUTHENTICATION CODE | |
| Authentication code | pcc |
| 050 00 - LIBRARY OF CONGRESS CALL NUMBER | |
| Classification number | GV1132.A44 |
| Item number | M94 2001 |
| 082 00 - DEWEY DECIMAL CLASSIFICATION NUMBER | |
| Classification number | 796.83/092 |
| -- | B |
| Edition number | 21 |
| 100 1# - MAIN ENTRY--PERSONAL NAME | |
| Personal name | Myers, Walter Dean, |
| Dates associated with a name | 1937-2014. |
| 245 14 - TITLE STATEMENT | |
| Title | The greatest : |
| Remainder of title | Muhammad Ali / |
| Statement of responsibility, etc. | Walter Dean Myers. |
| 250 ## - EDITION STATEMENT | |
| Edition statement | First Scholastic paperback printing, November 2001 |
| 260 ## - PUBLICATION, DISTRIBUTION, ETC. | |
| Place of publication, distribution, etc. | New York : |
| Name of publisher, distributor, etc. | Scholastic, |
| Date of publication, distribution, etc. | 2001 |
| 300 ## - PHYSICAL DESCRIPTION | |
| Extent | 172 pages : |
| Other physical details | illustrations ; |
| Dimensions | 20 cm |
| 505 ## - FORMATTED CONTENTS NOTE | |
| Formatted contents note | Z'<br/> |
| 520 ## - SUMMARY, ETC. | |
| Summary, etc. | An illustrated biography of boxing great Muhammad Ali that addresses his politics, his fight against Parkinson's disease, and boxing's dangers. |
| 521 8# - TARGET AUDIENCE NOTE | |
| Target audience note | 1030<br/> |
| Source | Lexile<br/> |
| 521 8# - TARGET AUDIENCE NOTE | |
| Target audience note | Z'<br/> |
| Source | Raz-Plus<br/> |
| 600 10 - SUBJECT ADDED ENTRY--PERSONAL NAME | |
| Personal name | Ali, Muhammad, |
| Dates associated with a name | 1942-2016. |
| 650 #0 - SUBJECT ADDED ENTRY--TOPICAL TERM | |
| Topical term or geographic name entry element | Boxers (Sports) |
| Geographic subdivision | United States |
| Form subdivision | Biography. |
| 906 ## - LOCAL DATA ELEMENT F, LDF (RLIN) | |
| a | 7 |
| b | cbc |
| c | orignew |
| d | 2 |
| e | opcn |
| f | 20 |
| g | y-gencatlg |
| 942 ## - ADDED ENTRY ELEMENTS (KOHA) | |
| Source of classification or shelving scheme | Dewey Decimal Classification |
| Koha item type | Books |
| Suppress in OPAC | No |
| Withdrawn status | Lost status | Source of classification or shelving scheme | Damaged status | Not for loan | Collection | Home library | Current library | Shelving location | Date acquired | Total Checkouts | Full call number | Barcode | Date last seen | Copy number | Price effective from | Koha item type | Date last checked out | Date due |
|---|---|---|---|---|---|---|---|---|---|---|---|---|---|---|---|---|---|---|
| Dewey Decimal Classification | Non-Fiction | Footprints International School Library Network Toul Kork Campus | Footprints International School Library Network Toul Kork Campus | 12/04/2023 | MYE 796.83092 GV1132.A44 | FISSE00398 | 12/04/2023 | 1 | 12/04/2023 | Books | ||||||||
| Dewey Decimal Classification | Non-Fiction | Footprints International School Library Network Toul Kork Campus | Footprints International School Library Network Toul Kork Campus | TTP Secondary Non-Fiction Bookshelves | 12/12/2023 | MYE 796.83092 GV1132.A44 | FISSE00399 | 12/12/2023 | 2 | 12/04/2023 | Books | |||||||
| Dewey Decimal Classification | Non-Fiction | Footprints International School Library Network Toul Kork Campus | Footprints International School Library Network Toul Kork Campus | TTP Secondary Non-Fiction Bookshelves | 06/06/2024 | MYE 796.83092 GV1132.A44 | FISSE00401 | 10/28/2024 | 4 | 06/06/2024 | Books | |||||||
| Dewey Decimal Classification | Non-Fiction | Footprints International School Library Network Toul Kork Campus | Footprints International School Library Network Toul Kork Campus | TTP Secondary Non-Fiction Bookshelves | 06/06/2024 | MYE 796.83092 GV1132.A44 | FISSE00403 | 12/04/2024 | 6 | 06/06/2024 | Books | |||||||
| Dewey Decimal Classification | Non-Fiction | Footprints International School Library Network Toul Kork Campus | Footprints International School Library Network Toul Tom Poung Campus | TTP Secondary Non-Fiction Bookshelves | 06/06/2024 | 1 | MYE 796.83092 GV1132.A44 | 2024-0816 | 03/31/2026 | 3 | 06/06/2024 | Books | 03/02/2026 | |||||
| Dewey Decimal Classification | Non-Fiction | Footprints International School Library Network Toul Tom Poung Campus | Footprints International School Library Network Toul Tom Poung Campus | TTP Secondary Non-Fiction Bookshelves | 06/06/2024 | 2 | MYE 796.83092 GV1132.A44 | FISSE00402 | 04/30/2026 | 5 | 06/06/2024 | Books | 04/30/2026 | 05/14/2026 |
